BSOP header

Pamimilosopiya : (Record no. 45398)

MARC details
000 -LEADER
fixed length control field 00779nam a2200241 a 4500
005 - DATE AND TIME OF LATEST TRANSACTION
control field 20190215135053.0
008 - FIXED-LENGTH DATA ELEMENTS--GENERAL INFORMATION
fixed length control field
020 ## - INTERNATIONAL STANDARD BOOK NUMBER
International Standard Book Number 9789716350388
100 1# - MAIN ENTRY--PERSONAL NAME
Personal name Mendoza, Perseville U.
245 10 - TITLE STATEMENT
Title Pamimilosopiya :
Remainder of title mga pagdulog at konsepto /
Statement of responsibility, etc Perseville U. Mendoza, Ma. Theresa T. Payongayong, Jeanette L. Yasol-Naval.
250 ## - EDITION STATEMENT
Edition statement Unang edisyon.
260 ## - PUBLICATION, DISTRIBUTION, ETC. (IMPRINT)
Place of publication, distribution, etc Quezon City :
Name of publisher, distributor, etc Sentro ng Wikang Filipino-Diliman, Universidad ng Filipinas,
Date of publication, distribution, etc 2011.
300 ## - PHYSICAL DESCRIPTION
Extent 119 p. ;
Dimensions 23 cm.
336 ## - CONTENT TYPE
Content Type Term text
337 ## - MEDIA TYPE
Media Type Term unmediated
338 ## - CARRIER TYPE
Carrier Type Term volume
440 #0 - SERIES STATEMENT/ADDED ENTRY--TITLE
Title Aklat ili
650 0# - SUBJECT ADDED ENTRY--TOPICAL TERM
Topical term or geographic name as entry element Philosophy. Modern.
650 0# - SUBJECT ADDED ENTRY--TOPICAL TERM
Topical term or geographic name as entry element Philosophy.
700 1# - ADDED ENTRY--PERSONAL NAME
Personal name Payongayong, Ma. Theresa T.
700 1# - ADDED ENTRY--PERSONAL NAME
Personal name Naval, Jeanette L. Yasol.
942 ## - ADDED ENTRY ELEMENTS (KOHA)
Source of classification or shelving scheme Library of Congress Classification
Item type Books
Holdings
Withdrawn status Lost status Source of classification or shelving scheme Damaged status Not for loan Home library Current library Shelving location Date acquired Source of acquisition Cost, normal purchase price Inventory number Total Checkouts Full call number Barcode Date last seen Price effective from Koha item type
    Library of Congress Classification     BSOP Library BSOP Library Filipiniana 02/15/2019 UP Press 180.00 45194   B790 M52 2011 00056194 02/15/2019 02/15/2019 Books
BSOP

Biblical Seminary of the Philippines
  All rights Reserved
  © 2024

CONTACT INFORMATION

Biblical Seminary of the Philippines,
  77-B Karuhatan Road, Valenzuela City,
  PHILIPPINES 1441
  Phone: +632 8292-6795 / 8292-6798
  Fax : +632 8292-6675
  Email: library@bsop.edu.ph